00682nam a2200181 a 450000100060000000300090000600800410001502000150005604000280007108200190009910000250011824500520014326000250019530000100022050502090023065000310043965000300047022958CO-ViMGA141112s2004 ck r 000 u spa d a8497321189 aCO-ViMGAbspacCO-ViMGA04a658.0412 W447q1 aWhittington, Richard10a¿ Què es la estrategia? ¿Realmente importa? aEspaña : bThomson a182p. aQue es la estrategia y cual es su importancia?, Teorias sobre la estrategia, Liderazgo estrategico, La elecciion de la estrategia, Estrategias de crecimiento, Estrategia directiva, Cual es su importancia?14aADMINISTRACION DE EMPRESA 14aPLANIFICACION ESTRATEGICA